Ouvertures d'échecs #1 - Statistiques

Statistiques générales
  • Ce quiz a été pris 95 fois
    32 depuis la dernière actualisation
  • Le résultat moyen est 13 sur 19
Statistiques - réponses
Par images Réponse % Correct
Défense Sicilienne
100%
Ouverture Ecossaise
92%
Défense Scandinave
88%
Gambit Dame
88%
Ouverture Anglaise
88%
Défense Française
84%
Gambit du Roi
84%
Début Grob
80%
Ouverture Italienne
80%
Système de Londres
80%
Défense Caro-Kann
76%
Début Réti
60%
Défense Alekhine
60%
Défense Pirc | Défense Moderne
52%
Partie du Centre
48%
Attaque Bongcloud
44%
Attaque Nimzo-Larsen | Début Larsen
44%
Défense Sicilienne, variante Najdorf
44%
Ouverture Alapine
40%
Aucun quiz correspondant
Distribution des résultats
% des personnes avec chaque résultat
Percentile par nombre de réponses
Votre historique - résultats
Vous n’avez pas pris ce quiz depuis la dernière actualisation